Completa il nome della capitale - Statistics

Statistiche generali
  • Questo quiz è stato fatto 31 volte
  • Il punteggio medio è 19 su 25
Statistiche sulle risposte
Hint Risposta % Corretto
Buenos Aires
100%
Città del Capo
96%
Santo Domingo
96%
Il Cairo
92%
Andorra la Vella
92%
Santiago del Cile
88%
Nuova Delhi
88%
La Valletta
88%
Kuala Lumpur
84%
Port au Prince
84%
Città di San Marino
84%
São Tomé
80%
Ulan Bator
76%
Ciudad de la Paz
76%
Port of Spain
76%
San José
72%
Phnom Penh
72%
Nuku' alofa
68%
N' Djamena
68%
Sri Jayawardenepura Kotte
68%
Porto Novo
68%
Bandar Seri Begawan
68%
Saint John's
56%
Port Moresby
48%
Tarawa Sud
48%
Nessun quiz corrispondente trovato
Distribuzione punteggi
Percentuale di utenti per punteggio
Percentile per numero di risposta
I tuoi punteggi nel tempo
Non hai fatto questo quiz